Cosmopolitanisms:NewThinking and New Directions (Record no. 11486)

MARC details
000 -LEADER
fixed length control field 00385nam a2200145Ia 4500
008 - FIXED-LENGTH DATA ELEMENTS--GENERAL INFORMATION
fixed length control field 230312s9999||||xx |||||||||||||| ||und||
020 ## - INTERNATIONAL STANDARD BOOK NUMBER
International Standard Book Number 0-230-22867-2
082 ## - DEWEY DECIMAL CLASSIFICATION NUMBER
Classification number 791.4311
Item number HOL-C
100 ## - MAIN ENTRY--PERSONAL NAME
Personal name Holton;Robert.J
245 #0 - TITLE STATEMENT
Title Cosmopolitanisms:NewThinking and New Directions
260 ## - PUBLICATION, DISTRIBUTION, ETC.
Name of publisher, distributor, etc. Palgrave
Place of publication, distribution, etc. UK
Date of publication, distribution, etc. 2009
300 ## - PHYSICAL DESCRIPTION
Extent 252
650 ## - SUBJECT ADDED ENTRY--TOPICAL TERM
Topical term or geographic name entry element Mass com
Form subdivision Mass Communication
942 ## - ADDED ENTRY ELEMENTS (KOHA)
Koha item type BOOK
Holdings
Withdrawn status Lost status Damaged status Not for loan Home library Current library Date acquired Total Checkouts Full call number Barcode Date last seen Price effective from Koha item type
        Superior Information Resource Center (SIRC) Superior University- Main Campus Superior Information Resource Center (SIRC) Superior University- Main Campus 03/13/2023   791.4311 HOL-C 11614 03/13/2023 03/13/2023 BOOK

Powered by Koha